[Event "POL-chT 2nd League"]
[Site "Jastrzebia Gora"]
[Date "2019.09.14"]
[Round "8.5"]
[White "Niedbala, Bartlomiej"]
[Black "Tabola, Marcin"]
[Result "1-0"]
[WhiteElo "2145"]
[BlackElo "2003"]
[PlyCount "116"]
[EventDate "2019.09.07"]
[EventType "team-swiss"]
[EventRounds "9"]
[EventCountry "POL"]
[SourceTitle "EXT 2020"]
[Source "ChessBase"]
[SourceDate "2019.10.17"]
[SourceVersion "1"]
[SourceVersionDate "2019.10.17"]
[SourceQuality "1"]
[WhiteTeam "Jastrzebie Zdroj Pionier"]
[BlackTeam "Strzelce Opolskie Strzelec"]
[WhiteTeamCountry "POL"]
[BlackTeamCountry "POL"]

1. d4 Nf6 2. Nf3 e6 3. c4 b6 4. g3 Bb7 5. Bg2 Bb4+ 6. Nbd2 0-0 7. a3 Be7 8. 0-0 c5 9. dxc5 bxc5 10. Qc2 Nc6 11. b3 Qc7 12. Bb2 Rfd8 13. e3 Rac8 14. Rac1 Qb8 15. Ng5 h6 16. Bxf6 hxg5 17. Bxe7 Nxe7 18. Bxb7 Qxb7 19. Ne4 Nf5 20. Nxg5 f6 21. Ne4 d6 22. Rfd1 Rb8 23. Rb1 Qf7 24. Rd2 Qh5 25. Qd1 Qh7 26. Nxc5 Kf7 27. Ne4 Rh8 28. h4 Nxh4 29. Nxd6+ Ke7 30. gxh4 Qg6+ 31. Kf1 Rxh4 32. Ke2 Rd8 33. Nf5+ exf5 34. Rxd8 Qg4+ 35. Kd2 Kxd8 36. Kc3+ Ke7 37. Qxg4 fxg4 38. Rd1 Rh2 39. Rd2 Rh1 40. c5 f5 41. Kb4 Rb1 42. a4 g5 43. c6 f4 44. exf4 gxf4 45. Rd4 g3 46. fxg3 fxg3 47. Rd7+ Ke6 48. Rg7 a5+ 49. Kxa5 Rxb3 50. c7 Rc3 51. Kb6 Rb3+ 52. Kc6 Rc3+ 53. Kb7 Rb3+ 54. Ka8 Rc3 55. Kb8 Rb3+ 56. Kc8 Ra3 57. a5 Rxa5 58. Kb7 Kd5 1-0

[Event "POL-chT2"]
[Site "Poronin"]
[Date "2013.09.14"]
[Round "8.87"]
[White "Pochcial, Jan"]
[Black "Tabola, Marcin"]
[Result "1-0"]
[WhiteElo "2072"]
[BlackElo "1999"]
[PlyCount "33"]
[EventDate "2013.09.06"]
[EventType "team-swiss"]
[EventRounds "9"]
[EventCountry "POL"]
[SourceTitle "EXT 2015"]
[Source "ChessBase"]
[SourceDate "2014.11.20"]
[SourceVersion "1"]
[SourceVersionDate "2014.11.20"]
[SourceQuality "1"]
[WhiteTeam "Ruda Slaska KS DORS"]
[BlackTeam "Strzelce Opolskie Strzelec"]
[WhiteTeamCountry "POL"]
[BlackTeamCountry "POL"]

1. e4 c5 2. Nf3 e6 3. d4 cxd4 4. Nxd4 Nf6 5. Nc3 d6 6. Be3 a6 7. Be2 Be7 8. 0-0 Qc7 9. a4 b6 10. f4 Bb7 11. Bf3 Nc6 12. e5 Nd7 13. exd6 Bxd6 14. Ndb5 axb5 15. Nxb5 Qb8 16. Qxd6 Na5 17. Rad1 1-0

[Event "POL-ch U18"]
[Site "Wisla"]
[Date "2000.??.??"]
[Round "9"]
[White "Grabowski, Pawel"]
[Black "Tabola, Marcin"]
[Result "1-0"]
[WhiteElo "2000"]
[BlackElo "2000"]
[PlyCount "95"]
[EventDate "2000.02.26"]
[EventType "swiss"]
[EventRounds "10"]
[EventCountry "POL"]
[SourceTitle "EXT 2005"]
[Source "ChessBase"]
[SourceDate "2004.11.15"]
[SourceVersion "1"]
[SourceVersionDate "2004.11.15"]
[SourceQuality "1"]

1. d4 Nf6 2. c4 g6 3. Nc3 Bg7 4. e4 d6 5. Be2 0-0 6. Nf3 e5 7. 0-0 Nc6 8. d5 Ne7 9. Ne1 Ne8 10. Be3 f5 11. f3 f4 12. Bf2 g5 13. b4 Ng6 14. c5 Rf7 15. a4 h5 16. b5 Bf8 17. c6 Nf6 18. a5 b6 19. axb6 cxb6 20. Nc2 g4 21. Na4 Rb8 22. Nb4 g3 23. hxg3 fxg3 24. Bxg3 h4 25. Bh2 Nh5 26. c7 Rxc7 27. Nc6 Qg5 28. f4 Nhxf4 29. Bxf4 Nxf4 30. Rxf4 exf4 31. Nxb8 Bg7 32. Nc6 Bxa1 33. Qxa1 Rg7 34. Bf3 h3 35. Qc3 Bg4 36. Nd4 Bxf3 37. Qc8+ Kh7 38. Qxh3+ Qh5 39. Qxf3 Qxf3 40. Nxf3 Rc7 41. Nb2 Rc2 42. Nd3 Re2 43. Nxf4 Rb2 44. Nd4 Kg7 45. e5 dxe5 46. d6 Kf7 47. Nd5 Ke8 48. Nf6+ 1-0

[Event "POL-ch U18"]
[Site "Wisla"]
[Date "2000.??.??"]
[Round "7"]
[White "Hudziak, Pawel"]
[Black "Tabola, Marcin"]
[Result "1/2-1/2"]
[WhiteElo "2192"]
[BlackElo "2000"]
[PlyCount "89"]
[EventDate "2000.02.26"]
[EventType "swiss"]
[EventRounds "10"]
[EventCountry "POL"]
[SourceTitle "EXT 2005"]
[Source "ChessBase"]
[SourceDate "2004.11.15"]
[SourceVersion "1"]
[SourceVersionDate "2004.11.15"]
[SourceQuality "1"]

1. c4 g6 2. Nc3 Bg7 3. g3 d6 4. Bg2 e5 5. d3 f5 6. e3 Nf6 7. Nge2 Nc6 8. Rb1 Ne7 9. Nd5 c6 10. Nxe7 Qxe7 11. 0-0 0-0 12. f4 h5 13. b4 Be6 14. b5 c5 15. Qc2 Rfd8 16. h3 e4 17. Nc3 exd3 18. Qxd3 Qf7 19. Nd5 Bxd5 20. Bxd5 Nxd5 21. Qxd5 Qxd5 22. cxd5 Re8 23. Kf2 Kf7 24. Bb2 Re4 25. Bxg7 Kxg7 26. Rb3 Rc4 27. Re1 Re8 28. Re2 Ree4 29. Reb2 Kf6 30. h4 Ke7 31. Ke2 Kd7 32. Kd2 Kc7 33. b6+ axb6 34. a3 Ra4 35. Rxb6 Ra7 36. R6b3 Rea4 37. Ra2 c4 38. Rc2 R7a5 39. Rb4 Rxd5+ 40. Ke2 Rxb4 41. axb4 b5 42. Rc3 Kc6 43. Ra3 Rd3 44. Rxd3 cxd3+ 45. Kd2 1/2-1/2